[Event "28th Czech Open A 2017"]
[Site "Pardubice CZE"]
[Date "2017.07.28"]
[Round "8.78"]
[White "Koykka, Pekka"]
[Black "Egorov, Pavel"]
[Result "1-0"]
[WhiteTitle "FM"]
[WhiteElo "2351"]
[BlackElo "2224"]
[WhiteFideId "504319"]
[BlackFideId "24122637"]
[EventDate "2017.07.21"]

1. e4 c5 2. Nf3 Nf6 3. Nc3 d5 4. Bb5+ Bd7 5. e5 Bxb5 6. Nxb5 Nfd7 7. e6 fxe6 8.
O-O Qb6 9. c4 d4 10. Re1 Nc6 11. Rxe6 O-O-O 12. d3 Ndb8 13. Ne5 a6 14. Qg4 Rd7
15. Nxd7 Nxd7 16. Na3 h5 17. Qf5 g6 18. Qxg6 Qc7 19. Nc2 Nce5 20. Qe8+ Qd8 21.
Qxd8+ Kxd8 22. Ne1 Rg8 23. f4 Ng4 24. Nf3 Bg7 25. Rb1 Nf8 26. Re2 a5 27. Bd2 b6
28. a3 Ng6 29. Re6 Bh6 30. Rxb6 Kd7 31. Rxg6 Rxg6 32. h3 1-0

[Event "28th Czech Open A 2017"]
[Site "Pardubice CZE"]
[Date "2017.07.28"]
[Round "8.79"]
[White "Gheng, Josef"]
[Black "Hollan, Martin"]
[Result "1-0"]
[WhiteTitle "FM"]
[BlackTitle "FM"]
[WhiteElo "2347"]
[BlackElo "2221"]
[WhiteFideId "4618041"]
[BlackFideId "360937"]
[EventDate "2017.07.21"]

1. e4 c5 2. Nf3 Nc6 3. d4 cxd4 4. Nxd4 Nf6 5. Nc3 d6 6. Be2 e6 7. O-O Be7 8. Kh1
O-O 9. f4 Nxd4 10. Qxd4 Bd7 11. Be3 Bc6 12. Rad1 Qc7 13. Bf3 Rfd8 14. Qc4 Rac8
15. Qe2 b5 16. Nxb5 Bxb5 17. Qxb5 Rb8 18. Qa4 Rxb2 19. c4 a5 20. Bd2 Rc8 21. Bc3
Rbb8 22. e5 Ne8 23. Rd4 d5 24. Bxa5 Qa7 25. cxd5 exd5 26. Rxd5 Bb4 27. Rfd1 Nc7
28. Qd7 Bxa5 29. Qxc8+ Rxc8 30. Rd8+ Ne8 31. Rxc8 g6 32. Rxe8+ Kg7 33. e6 fxe6
34. Rxe6 Qf7 35. Ra6 Bc3 36. g3 Qe7 37. Rad6 Qe3 38. R6d3 1-0

[Event "28th Czech Open A 2017"]
[Site "Pardubice CZE"]
[Date "2017.07.28"]
[Round "8.80"]
[White "Wenninger, Philipp"]
[Black "Audi, Ameya"]
[Result "0-1"]
[WhiteElo "2347"]
[BlackElo "2219"]
[WhiteFideId "4648404"]
[BlackFideId "25034430"]
[EventDate "2017.07.21"]

1. d4 Nf6 2. c4 g6 3. Nc3 Bg7 4. e4 d6 5. Nf3 O-O 6. Be2 Bg4 7. Be3 Nfd7 8. Rc1
c5 9. d5 Na6 10. O-O Nc7 11. h3 Bxf3 12. Bxf3 a6 13. a4 Re8 14. Qd2 e6 15. Be2
exd5 16. exd5 f5 17. Rfe1 Qh4 18. Bf1 Ne5 19. Bf4 Nf7 20. Bd3 Bd4 21. Be3 Ne5
22. b3 Re7 23. Bxd4 Qxd4 24. Red1 Nxd3 25. Qc2 Nb4 0-1

[Event "28th Czech Open A 2017"]
[Site "Pardubice CZE"]
[Date "2017.07.28"]
[Round "8.81"]
[White "Suleymanli, Aydin"]
[Black "Levitskiy, Andrey"]
[Result "1-0"]
[WhiteTitle "CM"]
[WhiteElo "2345"]
[BlackElo "2208"]
[WhiteFideId "13413937"]
[BlackFideId "14132885"]
[EventDate "2017.07.21"]

1. d4 Nf6 2. c4 e6 3. a3 d5 4. Nc3 Be7 5. Bg5 a6 6. cxd5 exd5 7. Qc2 h6 8. Bh4
g6 9. e3 Bf5 10. Qb3 g5 11. Qxb7 Nbd7 12. Bg3 Rb8 13. Qxa6 Rxb2 14. Nf3 O-O 15.
Ne5 Nxe5 16. Bxe5 Ng4 17. Bg3 Rb3 18. Bd3 Rb6 19. Qxb6 cxb6 20. Bxf5 Nf6 21. O-O
Bd6 22. Bxd6 Qxd6 23. Rfc1 Ra8 24. Nb5 Qd8 25. Rc7 Ne8 26. Rd7 Qf6 27. Rxd5 Rd8
28. Rxd8 Qxd8 29. a4 Nd6 30. Bd3 Nxb5 31. axb5 Qc7 32. Be4 Qc3 33. Rb1 Kf8 34.
h3 Ke7 35. Bc6 f5 36. Rd1 Kd6 37. Bf3 Qb2 38. d5 Qxb5 39. Rc1 Kd7 40. g4 Qb2 41.
Rc6 Qb1+ 42. Kg2 f4 43. e4 Qb2 44. Re6 b5 45. e5 b4 46. Rd6+ Kc7 47. Rc6+ Kd8
48. e6 Qe5 49. Rb6 Qe1 50. Rb5 Kc8 51. Ra5 Kc7 52. Ra6 Kd8 53. e7+ Kxe7 54. Re6+
Qxe6 55. dxe6 Kxe6 56. Kf1 Ke5 57. Ke2 Kd4 58. Kd2 Kc4 59. Kc2 Kd4 60. Be2 Ke4
61. Kb3 f3 62. Bc4 Ke5 63. Kxb4 Kf6 64. Kc5 h5 65. gxh5 1-0

[Event "28th Czech Open A 2017"]
[Site "Pardubice CZE"]
[Date "2017.07.28"]
[Round "8.82"]
[White "Semjonovs, Ilja"]
[Black "Nyysti, Sampsa"]
[Result "0-1"]
[BlackTitle "IM"]
[WhiteElo "2198"]
[BlackElo "2344"]
[WhiteFideId "11604263"]
[BlackFideId "502138"]
[EventDate "2017.07.21"]

1. e4 e5 2. Nf3 Nc6 3. Bb5 a6 4. Ba4 Nf6 5. O-O Be7 6. Re1 b5 7. Bb3 d6 8. a4
Bg4 9. c3 O-O 10. d3 Na5 11. Bc2 c5 12. Bg5 h6 13. Bh4 Qb6 14. Nbd2 b4 15. h3
Be6 16. c4 Rae8 17. b3 Nc6 18. Nf1 Qd8 19. Bg3 Nh7 20. Ne3 Ng5 21. Nh2 Nd4 22.
f4 exf4 23. Bxf4 f5 24. exf5 Bxf5 25. Nd5 Bf6 26. Be3 Be5 27. Ra2 Bxh3 28. gxh3
Ngf3+ 29. Nxf3 Nxf3+ 30. Kg2 Qh4 31. Bf2 Qg5+ 32. Kh1 Qf5 33. Kg2 Re6 34. Re4
Rg6+ 35. Rg4 Rxg4+ 36. hxg4 Qxg4+ 37. Kf1 Qh3+ 38. Ke2 Nd4+ 39. Bxd4 Qg2+ 0-1

[Event "28th Czech Open A 2017"]
[Site "Pardubice CZE"]
[Date "2017.07.28"]
[Round "8.83"]
[White "Nguyen, Huy Dat"]
[Black "Vyskocil, Neklan"]
[Result "0-1"]
[BlackTitle "IM"]
[WhiteElo "2180"]
[BlackElo "2329"]
[WhiteFideId "12923486"]
[BlackFideId "307106"]
[EventDate "2017.07.21"]

1. e4 c5 2. b4 cxb4 3. Bb2 e6 4. Nf3 b6 5. a3 Nf6 6. e5 Nd5 7. axb4 Bxb4 8. c3
Be7 9. d4 Bb7 10. c4 Bb4+ 11. Nbd2 Nf4 12. Qb3 a5 13. Qe3 Ng6 14. Bd3 Nh4 15.
Rg1 Na6 16. Kf1 Nxf3 17. gxf3 Bxd2 18. Qxd2 Qh4 19. Ke2 g6 20. Rg4 Qe7 21. Ba3
Nb4 22. Rb1 f5 23. Rgg1 O-O 24. Bxb4 axb4 25. Rxb4 d6 26. Rxb6 dxe5 27. dxe5
Rfd8 28. Rgb1 Ra7 29. R1b2 Ba8 30. Qe3 f4 31. Qxf4 Rad7 32. R2b3 Rf8 33. Rb8
Rdd8 34. Rxd8 Qxd8 35. Qe3 Bxf3+ 36. Kd2 Qa5+ 37. Rc3 Qa1 38. Rc1 Qb2+ 39. Rc2
Qb4+ 40. Rc3 Bc6 41. f4 Ba4 42. Bc2 Qb2 43. Qh3 Bxc2 44. Rxc2 Rd8+ 45. Qd3 Rxd3+
46. Kxd3 Qb3+ 47. Rc3 Qd1+ 48. Ke3 Qg1+ 49. Ke4 Qg2+ 50. Ke3 Qxh2 51. c5 Qg3+
52. Kd2 Qxf4+ 53. Kc2 Qxe5 54. c6 Qc7 55. Kb3 Kf7 56. Kb4 Ke7 57. Kb5 Qe5+ 58.
Rc5 Qxc5+ 59. Kxc5 Kd8 60. Kd6 h5 61. Ke5 Kc7 62. Kxe6 h4 63. Kf6 h3 64. Kxg6 h2
65. Kf5 h1=Q 66. Ke5 Kxc6 67. Kd4 Qd5+ 68. Ke3 Kc5 69. Kf4 Kd4 70. Kg4 Ke3 71.
Kh4 Kf3 72. Kh3 Qh5# 0-1

[Event "28th Czech Open A 2017"]
[Site "Pardubice CZE"]
[Date "2017.07.28"]
[Round "8.84"]
[White "Tokranovs, Dmitrijs"]
[Black "Flak, Pawel"]
[Result "1-0"]
[WhiteTitle "FM"]
[WhiteElo "2325"]
[BlackElo "2204"]
[WhiteFideId "11603011"]
[BlackFideId "1117548"]
[EventDate "2017.07.21"]

1. e4 Nf6 2. e5 Nd5 3. d4 d6 4. c4 Nb6 5. exd6 cxd6 6. Nc3 g6 7. h4 h5 8. Be3
Bg7 9. Nh3 Nc6 10. Ng5 Bf5 11. Rc1 Rc8 12. b3 d5 13. c5 Na8 14. Be2 Nc7 15. a3
e5 16. Nf3 e4 17. Ng5 Qf6 18. Nb5 Nxb5 19. Bxb5 O-O 20. Bxc6 bxc6 21. O-O Bg4
22. Qd2 Qe7 23. Bf4 Qd7 24. Rc3 Rfe8 25. b4 Qb7 26. Re3 Bf5 27. a4 Qa6 28. Qc3
Rcd8 29. Bd6 Rd7 30. Ra1 Qc4 31. Qxc4 dxc4 32. Rd1 Bh6 33. Rc3 f6 34. Nh3 e3 35.
fxe3 Bxe3+ 36. Kh2 Bd3 37. Rdxd3 cxd3 38. Rxd3 a6 39. d5 cxd5 40. Rxd5 Red8 41.
Rd3 Bh6 42. Rb3 g5 43. Nf2 g4 44. Ne4 Kf7 45. b5 axb5 46. axb5 f5 47. Ng5+ Kg6
48. b6 Bg7 49. Bf4 Rd4 50. Ne6 Rxf4 51. Nxf4+ Kf7 52. Nd3 Bf8 53. b7 Rb8 54.
Ne5+ 1-0

[Event "28th Czech Open A 2017"]
[Site "Pardubice CZE"]
[Date "2017.07.28"]
[Round "8.85"]
[White "Dvorak, Adam"]
[Black "Paszewski, Mateusz"]
[Result "1/2-1/2"]
[BlackTitle "FM"]
[WhiteElo "2185"]
[BlackElo "2323"]
[WhiteFideId "346497"]
[BlackFideId "1141058"]
[EventDate "2017.07.21"]

1. b3 e5 2. Bb2 Nc6 3. e3 Nf6 4. Bb5 Bd6 5. Na3 Na5 6. Be2 a6 7. c3 e4 8. f4 Nc6
9. Nh3 Bc5 10. Nc2 d5 11. Nf2 h5 12. b4 Be7 13. a4 1/2-1/2

[Event "28th Czech Open A 2017"]
[Site "Pardubice CZE"]
[Date "2017.07.28"]
[Round "8.86"]
[White "Urazayev, Arystanbek"]
[Black "Krasnokutskaya, Sofiya"]
[Result "1/2-1/2"]
[WhiteTitle "CM"]
[WhiteElo "2322"]
[BlackElo "2177"]
[WhiteFideId "13709810"]
[BlackFideId "14150735"]
[EventDate "2017.07.21"]

1. e4 c5 2. Nf3 e6 3. d4 cxd4 4. Nxd4 Nc6 5. Nc3 Qc7 6. Be3 a6 7. Qd2 Nf6 8.
O-O-O Bb4 9. f3 Ne5 10. Nb3 b5 11. Qf2 Nc4 12. Bc5 Bxc5 13. Qxc5 Qxc5 14. Nxc5
d6 15. Nb3 d5 16. Bxc4 dxc4 17. Na5 O-O 18. Rd6 e5 19. Rhd1 Re8 20. Nd5 Nxd5 21.
exd5 Bf5 22. g4 Bg6 23. Rb6 f5 24. d6 fxg4 25. d7 Rf8 26. fxg4 Be4 27. Rbd6 Rad8
28. a4 Rf2 29. Re1 Bf3 30. Rxe5 Rf1+ 31. Kd2 Rd1+ 32. Kc3 Rxd6 33. Re8+ Kf7 34.
Rxd8 Bxg4 35. Nb7 Rxd7 36. Rxd7+ Bxd7 37. Nc5 Bf5 38. Nxa6 bxa4 39. Nc5 g5 40.
Nxa4 h5 41. Nb6 g4 42. Nxc4 h4 43. Ne3 g3 44. hxg3 hxg3 45. Kd2 Be4 46. Ke2 Ke6
47. c3 Kd6 48. Nc4+ Kc5 49. Nd2 Bd5 50. Ke3 g2 51. Kf2 Kb5 52. Kg1 Ka4 53. b4
Kb5 54. Kf2 Ba8 55. Nb1 Kc4 56. Nd2+ 1/2-1/2

[Event "28th Czech Open A 2017"]
[Site "Pardubice CZE"]
[Date "2017.07.28"]
[Round "8.87"]
[White "Zarubitski, Viachaslau"]
[Black "Leeb, Simon"]
[Result "1-0"]
[WhiteTitle "FM"]
[WhiteElo "2314"]
[BlackElo "2177"]
[WhiteFideId "13509373"]
[BlackFideId "12924768"]
[EventDate "2017.07.21"]

1. e4 c6 2. Nf3 d5 3. Nc3 g6 4. d4 Bg7 5. h3 dxe4 6. Nxe4 Nf6 7. Nxf6+ exf6 8.
Be2 O-O 9. O-O Bf5 10. Bf4 g5 11. Bh2 Bg6 12. Qd2 h6 13. Rad1 Qc8 14. Rfe1 Nd7
15. Bc4 Rd8 16. b4 b5 17. Bb3 Bh5 18. Qd3 Nf8 19. Re7 Rd7 20. Rde1 Qd8 21. Qe2
f5 22. Rxd7 Qxd7 23. Qe7 Rd8 24. c3 Bxf3 25. Bxf7+ Kh8 26. gxf3 f4 27. Bb3 a5
28. bxa5 b4 29. Qxb4 Re8 30. Rxe8 Qxe8 31. Qc4 Kh7 32. Bc2+ Kh8 33. Be4 c5 34.
a6 cxd4 35. a7 1-0

[Event "28th Czech Open A 2017"]
[Site "Pardubice CZE"]
[Date "2017.07.28"]
[Round "8.88"]
[White "Badelka, Olga"]
[Black "Kukelko, Alexey"]
[Result "1-0"]
[WhiteElo "2309"]
[BlackElo "2173"]
[WhiteFideId "13509926"]
[BlackFideId "14153084"]
[EventDate "2017.07.21"]

1. c4 e5 2. g3 Nf6 3. Bg2 c6 4. d4 e4 5. d5 Bb4+ 6. Bd2 Qe7 7. Nc3 O-O 8. e3
cxd5 9. cxd5 Na6 10. Nge2 d6 11. O-O Bg4 12. Re1 Bf5 13. a3 Bxc3 14. Bxc3 Nc5
15. Nf4 Rfe8 16. h3 h6 17. g4 Bh7 18. b4 Ncd7 19. Rc1 Ne5 20. Bxe5 Qxe5 21. Rc7
Rab8 22. Qa1 g5 23. Qxe5 Rxe5 24. Ne2 Rxd5 25. Nd4 Ne8 26. Rc3 Kf8 27. Rec1 Rd8
28. Bf1 Re5 29. a4 d5 30. a5 Re7 31. b5 Ng7 32. Rc8 Rxc8 33. Rxc8+ Re8 34. Rc7
Re7 35. b6 axb6 36. axb6 Ne8 37. Rc8 Kg7 38. Rd8 Nf6 39. Bb5 Bg6 40. Kg2 Kh7 41.
Kg3 Kg7 42. Rc8 Bh7 43. Rc7 Kf8 44. Bc6 bxc6 45. Nxc6 Re8 46. b7 1-0

[Event "28th Czech Open A 2017"]
[Site "Pardubice CZE"]
[Date "2017.07.28"]
[Round "8.89"]
[White "Kotyk, Vaclav"]
[Black "Nun, Jiri"]
[Result "1/2-1/2"]
[BlackTitle "IM"]
[WhiteElo "2157"]
[BlackElo "2303"]
[WhiteFideId "384232"]
[BlackFideId "300179"]
[EventDate "2017.07.21"]

1. Nf3 c5 2. e4 Nc6 3. Bb5 e6 4. O-O Nge7 5. Re1 Ng6 6. c3 a6 7. Bf1 Be7 8. d4
cxd4 9. cxd4 d5 10. e5 Bd7 11. g3 Rc8 12. h4 Bb4 13. Nc3 Nge7 14. Bd3 Na5 15.
Rb1 Nc4 16. Rf1 Bxc3 17. bxc3 b5 18. Nd2 Nb6 19. Qg4 g6 20. Nf3 Rxc3 21. Rb3 Rc8
22. Bg5 Bc6 23. Bf6 Rg8 24. Qf4 h5 25. Qh6 Kd7 26. Qh7 Qf8 27. Ng5 Ke8 28. Nxe6
fxe6 29. Bxe7 Qf7 30. Qxf7+ Kxf7 31. Bg5 Nc4 32. f3 Rc7 33. g4 Ke8 34. Kh2 Rf7
35. Rbb1 Kd7 36. Kg3 Kc7 37. Rf2 Be8 38. Re1 Rh7 39. Rc2 Kb7 40. Rc3 Rc7 41.
gxh5 gxh5 42. f4 Bg6 43. Bxg6 Rxg6 44. f5 exf5 45. Kf4 Rg8 46. Kxf5 Rc6 47. Rcc1
Re8 48. Bf6 Rg8 49. Rg1 Rcc8 50. Rce1 Kc6 51. Rg6 b4 52. Be7+ Kb5 53. Rxg8 Rxg8
54. e6 a5 55. Bc5 Nd2 56. e7 Ne4 57. Ke6 Rg6+ 58. Kd7 Nf6+ 59. Kd8 Rg8+ 60.
e8=Q+ Nxe8 61. Rxe8 Rg4 62. Re3 Rxh4 63. a3 Kc4 64. axb4 axb4 65. Ke7 b3 66. Kd6
b2 67. Re1 Rh2 68. Ba3 h4 69. Rb1 Kb3 70. Bxb2 Rxb2 71. Rh1 Kc4 72. Rxh4 Rg2 73.
Ke5 Re2+ 74. Kd6 Re4 75. Rh1 Rxd4 76. Rc1+ Kd3 77. Ke5 1/2-1/2

[Event "28th Czech Open A 2017"]
[Site "Pardubice CZE"]
[Date "2017.07.28"]
[Round "8.90"]
[White "Mertanen, Janne"]
[Black "Suta, Andraz"]
[Result "1/2-1/2"]
[WhiteTitle "FM"]
[WhiteElo "2302"]
[BlackElo "2133"]
[WhiteFideId "501875"]
[BlackFideId "14613190"]
[EventDate "2017.07.21"]

1. Nf3 Nf6 2. c4 e6 3. g3 c5 4. Nc3 b6 5. Bg2 Bb7 6. O-O a6 7. d4 cxd4 8. Qxd4
d6 9. Bg5 Be7 10. Bxf6 Bxf6 11. Qf4 O-O 12. Rfd1 Be7 13. Ne4 Bxe4 14. Qxe4 Ra7
15. Nd4 Rc7 16. b3 Qc8 17. a4 Rc5 18. Qb1 Rd8 19. Ra2 Bf8 20. e3 Nd7 21. Rc2 Nf6
22. b4 Rc7 23. Rdc1 Qd7 24. b5 axb5 25. axb5 Rdc8 26. Nc6 Qe8 27. Qa2 Nd7 28.
Qa6 Nc5 29. Qa3 f5 30. Ra2 g5 31. Rd1 Qg6 32. Qc1 h5 33. Qc2 Rg7 34. Ra3 Qf6 35.
Qe2 Rh7 36. Ra7 Rxa7 37. Nxa7 Rc7 38. Nc6 Rh7 39. e4 fxe4 40. Bxe4 Nxe4 41. Qxe4
h4 42. Nd4 Rf7 43. Rd2 hxg3 44. hxg3 d5 45. cxd5 exd5 46. Qxd5 Bc5 47. Kg2 Bxd4
48. Qxd4 Qxd4 49. Rxd4 Rf5 50. Rb4 Kg7 51. f3 Kg6 52. Kh3 Rxf3 53. Kg4 1/2-1/2

[Event "28th Czech Open A 2017"]
[Site "Pardubice CZE"]
[Date "2017.07.28"]
[Round "8.91"]
[White "Karousos-Theodorakis, Nikolaos"]
[Black "Hacker, Jonas"]
[Result "0-1"]
[BlackTitle "FM"]
[WhiteElo "2153"]
[BlackElo "2297"]
[WhiteFideId "4275829"]
[BlackFideId "1270968"]
[EventDate "2017.07.21"]

1. c4 Nf6 2. g3 e6 3. Bg2 d5 4. Nf3 Be7 5. O-O O-O 6. d4 dxc4 7. Ne5 Nc6 8. Nxc6
bxc6 9. Na3 Bxa3 10. bxa3 Nd5 11. Qa4 Nb6 12. Qa5 Bd7 13. Bd2 Qf6 14. Bb4 Rfe8
15. Bc3 Qf5 16. Rac1 Qxa5 17. Bxa5 e5 18. dxe5 Rxe5 19. Bxb6 axb6 20. Rxc4 Rxe2
21. Rd1 Re7 22. Bxc6 Bxc6 23. Rxc6 Kf8 24. Rd3 Ke8 25. Kg2 Rd7 26. Rdc3 Kd8 27.
Kf3 Ra4 28. Ke3 Ra6 29. h4 h5 30. Ke2 Kc8 31. Rb3 Kb7 32. Rc4 Ra5 33. a4 Rad5
34. Rb2 Re7+ 35. Kf1 Ree5 36. Rbc2 c5 37. Kg2 Ka6 38. Rb2 Rd3 39. Rc1 Rd4 40.
Rcb1 Re6 41. a5 Kxa5 42. Rb5+ Ka6 43. R5b3 Rd2 44. a4 Ra2 45. Rf3 f6 46. Rf4 g6
47. Rd1 f5 48. Rd8 Rae2 49. Rf3 Ra2 50. Rb3 Rc6 51. a5 b5 52. Re3 Rxa5 53. Ra8+
Kb6 54. Rb8+ Kc7 55. Ree8 c4 56. Rbc8+ Kd6 57. Rcd8+ Kc5 58. Re5+ Kb4 0-1

[Event "28th Czech Open A 2017"]
[Site "Pardubice CZE"]
[Date "2017.07.28"]
[Round "8.93"]
[White "Baasansuren, Erdene"]
[Black "Friedland, Moshe"]
[Result "1/2-1/2"]
[WhiteTitle "FM"]
[WhiteElo "2128"]
[BlackElo "2289"]
[WhiteFideId "4902084"]
[BlackFideId "2812843"]
[EventDate "2017.07.21"]

1. d4 Nf6 2. c4 c6 3. Nf3 d5 4. Qc2 g6 5. cxd5 cxd5 6. Nc3 Bg7 7. Bf4 O-O 8. e3
Nc6 9. Be2 b6 10. O-O Bb7 11. h3 Rc8 12. Rfc1 Ne4 13. Qa4 Qd7 14. Bd3 Nxc3 15.
Rxc3 e5 16. dxe5 Nxe5 17. Qxd7 Nxd7 18. Rxc8 Rxc8 19. Bb5 Nc5 20. Be5 Bxe5 21.
Nxe5 a6 22. Be2 Ne6 23. Bd3 d4 24. exd4 Nxd4 25. Bc4 Rc5 26. Rd1 Rxe5 27. Rxd4
Kf8 28. Rd8+ Re8 29. Rd6 b5 30. Bb3 Re7 31. Rd2 Re5 32. Rd7 Re7 33. Rd6 Rc7 34.
a4 Bc6 35. axb5 Bxb5 36. Rd2 1/2-1/2

[Event "28th Czech Open A 2017"]
[Site "Pardubice CZE"]
[Date "2017.07.28"]
[Round "8.94"]
[White "Gibicar, Danijel"]
[Black "Tsvetkov, Andrey"]
[Result "1/2-1/2"]
[WhiteTitle "FM"]
[BlackTitle "CM"]
[WhiteElo "2280"]
[BlackElo "2129"]
[WhiteFideId "24660256"]
[BlackFideId "34139360"]
[EventDate "2017.07.21"]

1. e4 c5 2. Nf3 d6 3. d4 cxd4 4. Nxd4 Nf6 5. Nc3 a6 6. Be3 e5 7. Nb3 Be6 8. h3
Be7 9. f4 exf4 10. Bxf4 Nc6 11. Qe2 Nd7 12. O-O-O Nce5 13. g4 O-O 14. Kb1 Rc8
15. Qe3 b5 16. Nd5 Bxd5 17. exd5 Qc7 18. Rh2 Rfe8 19. g5 Nc4 20. Qg3 Ndb6 21.
Bc1 Bf8 22. h4 Re5 23. Bf4 Rxd5 24. Bd3 Ne5 25. Bxe5 Rxe5 26. h5 Rce8 27. g6
fxg6 28. Bxg6 R8e6 29. Qd3 Qc4 30. Bxh7+ Kh8 31. Bg6 Rd5 32. Rf1 Rf6 33. Qxc4
bxc4 34. Rxf6 gxf6 35. Nc1 Rd1 36. Re2 Bh6 1/2-1/2

[Event "28th Czech Open A 2017"]
[Site "Pardubice CZE"]
[Date "2017.07.28"]
[Round "8.95"]
[White "Haring, Filip"]
[Black "Pranav, Anand"]
[Result "1-0"]
[WhiteTitle "FM"]
[WhiteElo "2278"]
[BlackElo "2098"]
[WhiteFideId "14933080"]
[BlackFideId "46626786"]
[EventDate "2017.07.21"]

1. e4 e5 2. Nf3 Nc6 3. d4 exd4 4. Nxd4 Nf6 5. Nxc6 bxc6 6. e5 Qe7 7. Qe2 Nd5 8.
c4 Nb6 9. Nc3 Ba6 10. b3 O-O-O 11. Bb2 Re8 12. f4 f6 13. O-O-O fxe5 14. Qxe5
Qxe5 15. fxe5 Rxe5 16. a4 Bd6 17. Bd3 Re3 18. Kc2 Rf8 19. Bc1 Ree8 20. a5 Na8
21. Bxh7 Bb4 22. Rhf1 Rxf1 23. Rxf1 Rh8 24. Bf5 Rf8 25. Na2 Bd6 26. h4 c5 27.
Bd3 Rxf1 28. Bxf1 Bb7 29. Nc3 Be5 30. g4 Bf3 31. Be2 Bxe2 32. Nxe2 c6 33. Bf4
Bxf4 34. Nxf4 Nc7 35. Kd3 Kd8 36. Ke4 Ke7 37. Ke5 d6+ 38. Kf5 Kf7 39. g5 d5 40.
Nd3 g6+ 41. Ke5 dxc4 42. bxc4 Ke7 43. Nf4 Kf7 44. Kd6 Ne8+ 45. Kxc6 Ng7 46. Kxc5
Nf5 47. Kc6 Nxh4 48. c5 Nf3 49. Kb7 Nxg5 50. c6 Ne4 51. c7 g5 52. Kc6 1-0

[Event "28th Czech Open A 2017"]
[Site "Pardubice CZE"]
[Date "2017.07.28"]
[Round "8.96"]
[White "Horak, Martin"]
[Black "Shemeakin, Alexander"]
[Result "1-0"]
[BlackTitle "IM"]
[WhiteElo "2073"]
[BlackElo "2276"]
[WhiteFideId "367095"]
[BlackFideId "14101840"]
[EventDate "2017.07.21"]

1. e4 e6 2. d4 d5 3. Nc3 Nf6 4. e5 Nfd7 5. f4 c5 6. Nf3 Nc6 7. Be3 cxd4 8. Nxd4
Bc5 9. Qd2 O-O 10. O-O-O Nxd4 11. Bxd4 a6 12. Qf2 Qe7 13. Bd3 b5 14. Kb1 b4 15.
Ne2 Bb7 16. g4 Rfc8 17. Rhe1 a5 18. Qe3 Ba6 19. f5 Qh4 20. Qf4 b3 21. axb3 Bxd3
22. cxd3 exf5 23. Qxf5 Qe7 24. Bxc5 Nxc5 25. Nf4 Ne6 26. Nxd5 Qb7 27. Qf3 Rab8
28. Rf1 Nd4 29. Qe4 Qxb3 30. Qxd4 Rc2 31. Nb6 h6 32. Nc4 a4 33. e6 fxe6 34. Rd2
a3 35. Rxc2 a2+ 36. Ka1 Qxc2 37. Qd6 Re8 38. Qd7 Rb8 39. Qxe6+ Kh8 40. Qd6 Re8
41. Rf8+ Kh7 42. Kxa2 Qa4+ 43. Na3 Rxf8 44. Qxf8 Qxg4 45. Qe7 Qh3 46. Qe4+ Kh8
47. Qe2 Qd7 48. b4 1-0

[Event "28th Czech Open A 2017"]
[Site "Pardubice CZE"]
[Date "2017.07.28"]
[Round "8.97"]
[White "Pajeken, Wolfgang"]
[Black "Lushnikov, Evgeny"]
[Result "0-1"]
[WhiteTitle "FM"]
[WhiteElo "2274"]
[BlackElo "2050"]
[WhiteFideId "4622170"]
[BlackFideId "24146269"]
[EventDate "2017.07.21"]

1. d4 e6 2. c4 b6 3. Nc3 Bb7 4. Nf3 Bb4 5. Bg5 Ne7 6. Qb3 Bxc3+ 7. Qxc3 O-O 8.
e3 f5 9. Be2 d6 10. O-O Nd7 11. b4 h6 12. Bxe7 Qxe7 13. Nd2 Nf6 14. c5 Nd5 15.
Qc4 a5 16. b5 dxc5 17. dxc5 c6 18. a4 Rfc8 19. Nb3 cxb5 20. axb5 bxc5 21. Rxa5
Nb6 22. Qf4 Bd5 23. Rxa8 Rxa8 24. Nd2 Qg5 25. Qxg5 hxg5 26. Bf3 Ra2 27. Bxd5
Nxd5 28. Nf3 c4 29. Nxg5 c3 30. Nxe6 c2 31. Nd4 Rb2 32. g4 fxg4 33. Ne2 Rb1 34.
Nc1 Nc3 35. Kg2 Nd1 36. Ne2 Rxb5 37. Kg3 Rb1 38. Kg2 Kf7 39. Rh1 Nxf2 40. Rc1
Nd3 0-1

[Event "28th Czech Open A 2017"]
[Site "Pardubice CZE"]
[Date "2017.07.28"]
[Round "8.98"]
[White "Tatarintsev, Egor"]
[Black "Karas, Marek"]
[Result "0-1"]
[BlackTitle "FM"]
[WhiteElo "2023"]
[BlackElo "2273"]
[WhiteFideId "34126519"]
[BlackFideId "14928558"]
[EventDate "2017.07.21"]

1. e4 c5 2. c3 d5 3. exd5 Qxd5 4. Nf3 Nf6 5. Na3 Bf5 6. d4 e6 7. Be2 Be7 8. Qa4+
Nc6 9. Nc4 O-O 10. Ne3 Qd7 11. Nxf5 exf5 12. dxc5 Bxc5 13. Qc2 Rac8 14. O-O Rfe8
15. a3 Ne4 16. Bf4 Qe6 17. Bd3 Ne7 18. Rae1 Nd5 19. Bc1 Qg6 20. c4 Bd6 21. Qb3
Nb6 22. Be3 Bc5 23. Bxc5 Rxc5 24. Nd2 Rce5 25. Nf3 R5e7 26. Qc2 Qf6 27. Nd2 Qd4
28. Nf3 Qd8 29. Rd1 Qc7 30. Rfe1 Nd7 31. Nd4 g6 32. Nb5 Qc6 33. Nd4 Qb6 34. Bxe4
Rxe4 35. Rxe4 Rxe4 36. Nf3 Qe6 37. Qd2 Rxc4 38. b3 Rc7 39. Re1 Qf6 40. Qh6 Nf8
41. Re8 Qa1+ 42. Ne1 Qg7 43. Qf4 Rc6 44. Qe3 b6 45. a4 Re6 46. Rxe6 fxe6 47. f4
Qf6 48. Nf3 Nd7 49. Ng5 Nf8 50. Nf3 Qd8 51. Nd4 Qd5 52. h3 h6 53. Nb5 Qd7 54.
Kh2 a6 55. Nc3 Qd6 56. Ne2 Nd7 57. Nd4 Kf7 58. Nf3 g5 59. g3 g4 60. hxg4 Nf6 61.
Qc3 Nxg4+ 62. Kh3 Qd1 63. Ne1 Qe2 0-1

[Event "28th Czech Open A 2017"]
[Site "Pardubice CZE"]
[Date "2017.07.28"]
[Round "8.99"]
[White "Strugnell, Carl"]
[Black "Jazdanovs, Aleksandrs"]
[Result "0-1"]
[WhiteTitle "FM"]
[WhiteElo "2271"]
[BlackElo "2066"]
[WhiteFideId "616753"]
[BlackFideId "11604492"]
[EventDate "2017.07.21"]

1. e4 c5 2. Nf3 d6 3. Bb5+ Bd7 4. Bxd7+ Qxd7 5. c4 Nf6 6. Nc3 g6 7. O-O Bg7 8.
d4 cxd4 9. Nxd4 O-O 10. f3 Rc8 11. b3 d5 12. exd5 Nxd5 13. Nxd5 e6 14. Bh6 exd5
15. Bxg7 Kxg7 16. Nb5 dxc4 17. Nd6 Rd8 18. Nxc4 Nc6 19. a4 Qxd1 20. Rfxd1 Nd4
21. Rab1 Rac8 22. Kf2 h5 23. Rd3 Ne6 24. Rbd1 Rxd3 25. Rxd3 Nc5 26. Re3 Nxb3 27.
Nd6 Rc2+ 28. Kg3 Nd4 29. Re4 Ne2+ 30. Kh4 Rd2 31. Ne8+ Kh6 32. f4 Nxf4 33. Kg3
g5 34. h4 Rxg2+ 35. Kf3 Rg4 36. Nd6 Ng6 37. hxg5+ Kxg5 38. Nxf7+ Kf6 39. Nd6
Nh4+ 40. Ke3 Nf5+ 41. Nxf5 Kxf5 42. Re7 Rb4 43. a5 a6 44. Kf3 h4 45. Rh7 Ke5 46.
Ke3 Kd5 47. Kd3 Kc6 48. Kc3 Rb5 49. Rh6+ Kc7 50. Rh7+ Kb8 51. Rh8+ Ka7 52. Rxh4
Rxa5 53. Kb4 Rg5 54. Rf4 a5+ 55. Ka4 Ka6 56. Kb3 Rg3+ 57. Kc4 b5+ 0-1